[Event "13. Olimpiada por Equipos de Ajedrecist"]
[Site "Heraklio GRE"]
[Date "2008.10.22"]
[Round "4.6"]
[White "Grybas, Gintaras"]
[Black "Kabyzhanov, Bulat"]
[Result "1-0"]
[WhiteElo "2063"]
[BlackElo "1400"]
[PlyCount "83"]
[EventDate "2008.10.18"]
[EventType "team-"]
[EventRounds "9"]
[EventCountry "GRE"]
[Source "lmi"]
[SourceDate "2008.10.19"]

1. d4 Nf6 2. c4 g6 3. Nc3 Bg7 4. e4 d6 5. f3 O-O 6. Be3 Nc6 7. a3 e5 8. Nge2 a6
9. d5 Ne7 10. Qd2 Nd7 11. O-O-O f5 12. Kb1 Nf6 13. h3 Bd7 14. Nc1 Qb8 15. c5 b5
16. c6 Be8 17. N1a2 a5 18. Bxb5 fxe4 19. a4 exf3 20. gxf3 Bf7 21. Bc4 Nxc6 22.
Nb5 Ne7 23. Nac3 Nf5 24. Bf2 Bh6 25. Qe2 Nh5 26. Ne4 Nf4 27. Qc2 Be8 28. h4 Bg7
29. Ng5 Kh8 30. Ne6 Nxe6 31. dxe6 c6 32. e7 Rf6 33. Nc3 d5 34. Nxd5 cxd5 35.
Bxd5 Nxe7 36. Bxa8 Qxa8 37. Qc7 Nc6 38. Rd3 e4 39. Bd4 exd3 40. Bxf6 Bxf6 41.
Qd6 Qd8 42. Qf8# 1-0

[Event "13. Olimpiada por Equipos de Ajedrecist"]
[Site "Heraklio GRE"]
[Date "2008.10.22"]
[Round "4.7"]
[White "Vlach, Karel"]
[Black "Pirosca, Alexandru"]
[Result "1/2-1/2"]
[WhiteElo "1400"]
[BlackElo "2088"]
[PlyCount "43"]
[EventDate "2008.10.18"]
[EventType "team-"]
[EventRounds "9"]
[EventCountry "GRE"]
[Source "lmi"]
[SourceDate "2008.10.19"]

1. e4 c5 2. Nf3 Nc6 3. d4 cxd4 4. Nxd4 Nf6 5. Nc3 e5 6. Ndb5 d6 7. Bg5 a6 8.
Na3 b5 9. Nd5 Qa5+ 10. Bd2 Qd8 11. Bg5 Qa5+ 12. Bd2 Qd8 13. Nxf6+ Qxf6 14. c4
Qg6 15. cxb5 Qxe4+ 16. Qe2 Qxe2+ 17. Bxe2 Nd4 18. bxa6 Nxe2 19. Kxe2 Bxa6+ 20.
Kd1 Kd7 21. Nc2 d5 22. Bb4 1/2-1/2

[Event "13. Olimpiada por Equipos de Ajedrecist"]
[Site "Heraklio GRE"]
[Date "2008.10.22"]
[Round "4.9"]
[White "Coset, Alexandr"]
[Black "Wikman, Bengt"]
[Result "1-0"]
[WhiteElo "2295"]
[BlackElo "1943"]
[PlyCount "53"]
[EventDate "2008.10.18"]
[EventType "team-"]
[EventRounds "9"]
[EventCountry "GRE"]
[Source "lmi"]
[SourceDate "2008.10.19"]

1. g3 Nf6 2. Bg2 g6 3. c4 Bg7 4. Nc3 O-O 5. e4 d6 6. Nce2 Bg4 7. h3 Bxe2 8.
Nxe2 c6 9. O-O Nbd7 10. d3 Rb8 11. Be3 a6 12. Qd2 e6 13. d4 d5 14. e5 Ne8 15.
cxd5 exd5 16. h4 Nc7 17. Bh3 c5 18. f4 c4 19. f5 gxf5 20. Bxf5 Qe7 21. Qc2 h6
22. Nf4 Rfe8 23. Nh5 Ne6 24. Qd2 f6 25. Bxh6 fxe5 26. Bxe6+ Qxe6 27. Nxg7 1-0

[Event "13. Olimpiada por Equipos de Ajedrecist"]
[Site "Heraklio GRE"]
[Date "2008.10.22"]
[Round "4.9"]
[White "Holmela, Kari"]
[Black "Mynzat, Gerasim"]
[Result "1-0"]
[WhiteElo "1933"]
[BlackElo "1918"]
[PlyCount "69"]
[EventDate "2008.10.18"]
[EventType "team-"]
[EventRounds "9"]
[EventCountry "GRE"]
[Source "lmi"]
[SourceDate "2008.10.19"]

1. d4 Nf6 2. Nf3 e6 3. Bg5 Be7 4. e3 d5 5. Bd3 h6 6. Bxf6 Bxf6 7. Nbd2 O-O 8.
O-O b6 9. e4 Bb7 10. e5 Be7 11. Re1 c5 12. c3 Nc6 13. Rc1 Rc8 14. Nf1 cxd4 15.
cxd4 Nb4 16. Bb1 Rxc1 17. Qxc1 Qc7 18. a3 Rc8 19. Qc2 Nc6 20. Qc3 g6 21. h4 Kh7
22. h5 Rg8 23. Ne3 Qc8 24. Ng4 Ba6 25. Qd2 Qf8 26. Rc1 Na5 27. Rc7 Nc4 28. Qc1
Rh8 29. hxg6+ fxg6 30. Rxa7 Bb5 31. Nf6+ Kg7 32. Qc2 Be8 33. Nh4 Qf7 34. Nxg6
Qxg6 35. Rxe7+ 1-0

[Event "13. Olimpiada por Equipos de Ajedrecist"]
[Site "Heraklio GRE"]
[Date "2008.10.22"]
[Round "4.9"]
[White "Platon, Constantin"]
[Black "Ruohonen, Teemu"]
[Result "1-0"]
[WhiteElo "1400"]
[BlackElo "1400"]
[PlyCount "85"]
[EventDate "2008.10.18"]
[EventType "team-"]
[EventRounds "9"]
[EventCountry "GRE"]
[Source "lmi"]
[SourceDate "2008.10.19"]

1. e4 e5 2. Nf3 Nc6 3. Bc4 Nf6 4. d3 Bc5 5. O-O h6 6. c3 O-O 7. d4 exd4 8. cxd4
Bb6 9. e5 Nh7 10. d5 Ne7 11. d6 Nc6 12. Nc3 cxd6 13. exd6 a6 14. Nd5 Ba7 15.
Re1 Nf6 16. Ne7+ Kh8 17. Bf4 b5 18. Bb3 Bb7 19. Qd2 Qa5 20. Bxh6 Qxd2 21. Bxd2
Ng4 22. Re2 Nd4 23. Nxd4 Bxd4 24. Bc3 Bc5 25. Rd1 b4 26. Bxb4 Bxb4 27. Rd4 Bxd6
28. Rxd6 Nf6 29. Re3 Be4 30. Rh3+ Bh7 31. Nd5 Rae8 32. f3 Nxd5 33. Rxd5 g6 34.
Rxd7 Kg7 35. Rg3 Re2 36. h4 Rxb2 37. h5 Rb1+ 38. Kh2 Rc1 39. hxg6 Bxg6 40. Ra7
Rh8+ 41. Rh3 Rc3 42. Rxh8 Kxh8 43. Bxf7 1-0

[Event "13. Olimpiada por Equipos de Ajedrecist"]
[Site "Heraklio GRE"]
[Date "2008.10.22"]
[Round "4.10"]
[White "Blagojevic, Savo"]
[Black "Vojan, Istvan"]
[Result "1/2-1/2"]
[WhiteElo "1400"]
[BlackElo "2036"]
[PlyCount "35"]
[EventDate "2008.10.18"]
[EventType "team-"]
[EventRounds "9"]
[EventCountry "GRE"]
[Source "lmi"]
[SourceDate "2008.10.19"]

1. e4 c5 2. Nf3 d6 3. d4 cxd4 4. Nxd4 Nf6 5. Nc3 g6 6. Be3 Bg7 7. f3 O-O 8. Qd2
Nc6 9. O-O-O Bd7 10. g4 Qb8 11. h4 b5 12. h5 Ne5 13. Be2 Qb7 14. Bh6 Nc4 15.
Qg5 Rac8 16. Nd5 Nxd5 17. Bxg7 Kxg7 18. exd5 1/2-1/2

[Event "13. Olimpiada por Equipos de Ajedrecist"]
[Site "Heraklio GRE"]
[Date "2008.10.22"]
[Round "4.10"]
[White "Nemes, Gyorgy"]
[Black "Damjanovic, Radovan"]
[Result "1/2-1/2"]
[WhiteElo "2010"]
[BlackElo "1400"]
[PlyCount "68"]
[EventDate "2008.10.18"]
[EventType "team-"]
[EventRounds "9"]
[EventCountry "GRE"]
[Source "lmi"]
[SourceDate "2008.10.19"]

1. e4 e5 2. Nf3 Nc6 3. Bb5 a6 4. Ba4 Nf6 5. d4 b5 6. Bb3 d6 7. dxe5 Nxe5 8.
Nxe5 dxe5 9. Bxf7+ Kxf7 10. Qxd8 Bb4+ 11. Qd2 Bxd2+ 12. Nxd2 Be6 13. O-O Rhe8
14. f3 Rad8 15. Nb3 Bc4 16. Re1 Rd6 17. Nc5 Nd7 18. Nb7 Rg6 19. Be3 Be6 20. Kf2
Rc8 21. Rad1 Ke7 22. Rd2 c5 23. Nd6 Rc6 24. Nf5+ Bxf5 25. exf5 Rgd6 26. Red1
Rxd2+ 27. Rxd2 Rd6 28. Bg5+ Nf6 29. Re2 Rd5 30. f4 Kf7 31. fxe5 Rxe5 32. Rxe5
Ng4+ 33. Kf3 Nxe5+ 34. Kf4 Nc4 1/2-1/2

[Event "13. Olimpiada por Equipos de Ajedrecist"]
[Site "Heraklio GRE"]
[Date "2008.10.22"]
[Round "4.11"]
[White "Fratini, Mauro"]
[Black "Klimis, Laertis"]
[Result "1/2-1/2"]
[WhiteElo "2033"]
[BlackElo "1940"]
[PlyCount "23"]
[EventDate "2008.10.18"]
[EventType "team-"]
[EventRounds "9"]
[EventCountry "GRE"]
[Source "lmi"]
[SourceDate "2008.10.19"]

1. d4 e6 2. Bf4 c5 3. e3 Qb6 4. Na3 Qxb2 5. Nb5 Na6 6. Rb1 Qxa2 7. Ra1 Qb2 8.
Rxa6 bxa6 9. Nc7+ Kd8 10. Nxa8 Qb4+ 11. Qd2 Qb1+ 12. Qd1 1/2-1/2

[Event "13. Olimpiada por Equipos de Ajedrecist"]
[Site "Heraklio GRE"]
[Date "2008.10.22"]
[Round "4.11"]
[White "Papadopoulos, Christos"]
[Black "Gasperoni, Claudio"]
[Result "1-0"]
[WhiteElo "1400"]
[BlackElo "1818"]
[PlyCount "55"]
[EventDate "2008.10.18"]
[EventType "team-"]
[EventRounds "9"]
[EventCountry "GRE"]
[Source "lmi"]
[SourceDate "2008.10.19"]

1. e4 e5 2. Nf3 Nc6 3. Bb5 a6 4. Ba4 Nf6 5. O-O Be7 6. Re1 b5 7. Bb3 d6 8. h3
Na5 9. c3 Nxb3 10. Qxb3 O-O 11. d3 Be6 12. Qd1 h6 13. Nbd2 Nh7 14. Nf1 Ng5 15.
Ng3 g6 16. Nh2 f5 17. exf5 gxf5 18. f4 exf4 19. Bxf4 Bd5 20. Qh5 Kh7 21. Re3
Bf7 22. Qe2 Bf6 23. Nxf5 Re8 24. Ng4 h5 25. Rxe8 Bxe8 26. Qxe8 hxg4 27. Qh5+
Kg8 28. Bxg5 1-0

[Event "13. Olimpiada por Equipos de Ajedrecist"]
[Site "Heraklio GRE"]
[Date "2008.10.22"]
[Round "4.11"]
[White "Poli, Diego"]
[Black "Boudalakis, Filippos"]
[Result "1-0"]
[WhiteElo "1400"]
[BlackElo "1400"]
[PlyCount "77"]
[EventDate "2008.10.18"]
[EventType "team-"]
[EventRounds "9"]
[EventCountry "GRE"]
[Source "lmi"]
[SourceDate "2008.10.19"]

1. d4 d5 2. Bf4 Nf6 3. e3 e6 4. Bd3 c5 5. c3 Be7 6. Nf3 O-O 7. dxc5 Bxc5 8.
Nbd2 Nbd7 9. Qc2 Re8 10. Ne5 Nxe5 11. Bxe5 g6 12. Bb5 Bd7 13. Bxf6 Qxf6 14.
Bxd7 Red8 15. Bb5 Rac8 16. Nb3 Bb6 17. O-O e5 18. Rad1 a6 19. Be2 d4 20. exd4
exd4 21. Qe4 dxc3 22. Rxd8+ Rxd8 23. bxc3 Qxc3 24. Qxb7 Qf6 25. Qf3 Qb2 26.
Bxa6 Qxa2 27. Bc4 Qa7 28. Qf6 Qc7 29. Qc3 Qd6 30. g3 Qd7 31. Qf3 Qc7 32. Rc1
Qa7 33. Ra1 Qe7 34. Ra2 Kg7 35. Re2 Qc7 36. Bd5 Qd7 37. Rd2 Qe7 38. Re2 Qd6 39.
Qxf7+ 1-0

[Event "13. Olimpiada por Equipos de Ajedrecist"]
[Site "Heraklio GRE"]
[Date "2008.10.22"]
[Round "4.12"]
[White "Bagyatkar, Madan"]
[Black "Caliskan, Halil"]
[Result "1-0"]
[WhiteElo "1910"]
[BlackElo "1400"]
[PlyCount "41"]
[EventDate "2008.10.18"]
[EventType "team-"]
[EventRounds "9"]
[EventCountry "GRE"]
[Source "lmi"]
[SourceDate "2008.10.19"]

1. e4 e5 2. Nf3 Nc6 3. Bc4 Nf6 4. Ng5 d5 5. exd5 Nxd5 6. Nxf7 Qd7 7. Nxh8 Nce7
8. Qf3 Qe6 9. Nc3 c6 10. O-O Bd7 11. d3 O-O-O 12. Nf7 Re8 13. Bd2 Qf6 14. Qxf6
gxf6 15. Nd6+ Kc7 16. Nxe8+ Bxe8 17. Nxd5+ cxd5 18. Bxd5 Nf5 19. Be4 Nh4 20.
Bxh7 f5 21. Bg5 1-0

[Event "13. Olimpiada por Equipos de Ajedrecist"]
[Site "Heraklio GRE"]
[Date "2008.10.22"]
[Round "4.12"]
[White "Karakoseli, Sefik"]
[Black "Oza, Rajesh"]
[Result "0-1"]
[WhiteElo "1400"]
[BlackElo "1916"]
[PlyCount "46"]
[EventDate "2008.10.18"]
[EventType "team-"]
[EventRounds "9"]
[EventCountry "GRE"]
[Source "lmi"]
[SourceDate "2008.10.19"]

1. e4 c5 2. Nf3 Nc6 3. c3 d5 4. e5 d4 5. Bc4 e6 6. O-O Nge7 7. d3 Ng6 8. Nbd2
Ngxe5 9. Bb5 Bd6 10. cxd4 Nxf3+ 11. Nxf3 cxd4 12. Qa4 Bd7 13. Nxd4 Nxd4 14.
Qxd4 Bxb5 15. Qxg7 Kd7 16. Qxf7+ Qe7 17. Qh5 Bc6 18. Be3 Rhg8 19. g3 Rg6 20. f4
Qf7 21. Qe2 Qf5 22. a4 Rag8 23. Qf2 Qh3 0-1

[Event "13. Olimpiada por Equipos de Ajedrecist"]
[Site "Heraklio GRE"]
[Date "2008.10.22"]
[Round "4.12"]
[White "Uyanik, Kadir"]
[Black "Udupa, Krishna"]
[Result "0-1"]
[WhiteElo "1400"]
[BlackElo "2024"]
[PlyCount "34"]
[EventDate "2008.10.18"]
[EventType "team-"]
[EventRounds "9"]
[EventCountry "GRE"]
[Source "lmi"]
[SourceDate "2008.10.19"]

1. e4 c5 2. Nf3 Nc6 3. a3 d5 4. exd5 Qxd5 5. Nc3 Qd8 6. Bc4 Nf6 7. Ng5 e6 8. d3
h6 9. Nxf7 Kxf7 10. O-O Bd6 11. Nb5 Bb8 12. f4 a6 13. Nc3 Nd4 14. Be3 Qc7 15.
b4 b6 16. f5 Qxh2+ 17. Kf2 Bg3# 0-1

[Event "13. Olimpiada por Equipos de Ajedrecist"]
[Site "Heraklio GRE"]
[Date "2008.10.22"]
[Round "4.13"]
[White "Marendic, Vlatko"]
[Black "Norum, Per Ivar"]
[Result "1-0"]
[WhiteElo "2089"]
[BlackElo "1400"]
[PlyCount "51"]
[EventDate "2008.10.18"]
[EventType "team-"]
[EventRounds "9"]
[EventCountry "GRE"]
[Source "lmi"]
[SourceDate "2008.10.19"]

1. d4 d5 2. Nf3 Nf6 3. e3 e6 4. Bd3 Bd6 5. Nbd2 Nbd7 6. e4 e5 7. O-O O-O 8. c3
c6 9. dxe5 Nxe5 10. Nxe5 Bxe5 11. f4 Bc7 12. e5 Bb6+ 13. Kh1 Ng4 14. Nf3 Nf2+
15. Rxf2 Bxf2 16. Bxh7+ Kxh7 17. Ng5+ Kg6 18. Qc2+ Bf5 19. Qxf2 f6 20. exf6
gxf6 21. Nf3 Qd7 22. Be3 b6 23. Kg1 Rg8 24. a4 c5 25. b4 cxb4 26. cxb4 1-0

[Event "13. Olimpiada por Equipos de Ajedrecist"]
[Site "Heraklio GRE"]
[Date "2008.10.22"]
[Round "4.13"]
[White "Prytz, Tormod"]
[Black "Sakic, Milutin"]
[Result "1/2-1/2"]
[WhiteElo "1400"]
[BlackElo "2146"]
[PlyCount "105"]
[EventDate "2008.10.18"]
[EventType "team-"]
[EventRounds "9"]
[EventCountry "GRE"]
[Source "lmi"]
[SourceDate "2008.10.19"]

1. e4 e5 2. Nf3 Nc6 3. Bb5 a6 4. Ba4 Nf6 5. O-O b5 6. Bb3 Bb7 7. d3 Bc5 8. c3
d6 9. Bc2 O-O 10. h3 Qe7 11. Qe2 Rad8 12. Be3 d5 13. Bxc5 Qxc5 14. Nbd2 Rfe8
15. Nb3 Qd6 16. Rad1 Nh5 17. Rfe1 Nf4 18. Qe3 Qg6 19. Nh4 Qg5 20. Qg3 Qxg3 21.
fxg3 Ne6 22. Nf3 h6 23. d4 exd4 24. Nfxd4 Ncxd4 25. cxd4 dxe4 26. Bxe4 Bxe4 27.
Rxe4 c6 28. Kf2 Kf8 29. Re2 c5 30. Red2 c4 31. Nc1 Ng5 32. Re2 Ne4+ 33. Kf3 f5
34. a3 Rd7 35. Na2 Red8 36. Nb4 Rxd4 37. Rxd4 Rxd4 38. Nxa6 Rd3+ 39. Re3 Rd2
40. Re2 Rd3+ 41. Re3 Rd7 42. Nb4 g5 43. g4 Nd2+ 44. Ke2 f4 45. Re5 Nb3 46. Nd5
Nc1+ 47. Kd2 Nd3 48. Rf5+ Kg7 49. Kc3 Ne1 50. Kb4 Nc2+ 51. Kc3 Ne1 52. Kb4 Nd3+
53. Kc3 1/2-1/2

[Event "13. Olimpiada por Equipos de Ajedrecist"]
[Site "Heraklio GRE"]
[Date "2008.10.22"]
[Round "4.13"]
[White "Zaja, Stjepan"]
[Black "Volden, Steinar"]
[Result "1-0"]
[WhiteElo "1815"]
[BlackElo "1400"]
[PlyCount "55"]
[EventDate "2008.10.18"]
[EventType "team-"]
[EventRounds "9"]
[EventCountry "GRE"]
[Source "lmi"]
[SourceDate "2008.10.19"]

1. d4 d5 2. Nf3 Nf6 3. c4 e6 4. Bg5 Nbd7 5. e3 c6 6. Nc3 Qa5 7. a3 dxc4 8. Bxf6
Nxf6 9. Bxc4 Be7 10. O-O O-O 11. Re1 Bd7 12. Bd3 Rfc8 13. Ne4 Nxe4 14. Bxe4 Qd8
15. Ne5 Rc7 16. Qh5 f5 17. Bb1 Be8 18. Qh3 Bf6 19. Rd1 Qe7 20. g4 Bxe5 21. dxe5
g6 22. Ba2 Bf7 23. Rd6 Rd7 24. gxf5 Rxd6 25. exd6 Qxd6 26. fxe6 Be8 27. Qh6 Qf8
28. e7+ 1-0

[Event "13. Olimpiada por Equipos de Ajedrecist"]
[Site "Heraklio GRE"]
[Date "2008.10.22"]
[Round "4.14"]
[White "Molnar, Lubos"]
[Black "Grib, Willem"]
[Result "1-0"]
[WhiteElo "1400"]
[BlackElo "1400"]
[PlyCount "82"]
[EventDate "2008.10.18"]
[EventType "team-"]
[EventRounds "9"]
[EventCountry "GRE"]
[Source "lmi"]
[SourceDate "2008.10.19"]

1. e4 c5 2. Nf3 e6 3. d4 cxd4 4. Nxd4 a6 5. Nc3 b5 6. Be3 Bb7 7. Bd3 Ne7 8. O-O
b4 9. Nce2 e5 10. Nf3 Nbc6 11. Ng3 Ng6 12. Nf5 Nf4 13. Bxf4 exf4 14. e5 g6 15.
N5d4 Bc5 16. Nb3 Bb6 17. Re1 O-O 18. Qd2 g5 19. Qe2 g4 20. Qe4 f5 21. exf6 Rf7
22. Ng5 Qxf6 23. Nxf7 Bxf2+ 24. Kxf2 Qh4+ 25. Kg1 Rf8 26. Qf5 Nd8 27. Qg5+ Qxg5
28. Nxg5 h5 29. Re7 Bc8 30. Bc4+ Ne6 31. Nxe6 dxe6 32. Bxe6+ Bxe6 33. Rxe6 Rd8
34. Rxa6 h4 35. Rg6+ Kh7 36. Rxg4 Kh6 37. Rxh4+ Kg5 38. g3 Rd4 39. Rf1 Re4 40.
h3 Re6 41. Rg4+ Kh6 1-0

[Event "13. Olimpiada por Equipos de Ajedrecist"]
[Site "Heraklio GRE"]
[Date "2008.10.22"]
[Round "4.14"]
[White "Murin, Miroslav"]
[Black "Grove Izak, Johannes"]
[Result "1-0"]
[WhiteElo "1861"]
[BlackElo "1400"]
[PlyCount "63"]
[EventDate "2008.10.18"]
[EventType "team-"]
[EventRounds "9"]
[EventCountry "GRE"]
[Source "lmi"]
[SourceDate "2008.10.19"]

1. e4 d6 2. d4 Nf6 3. Nc3 g6 4. f4 Nbd7 5. Nf3 Bg7 6. e5 dxe5 7. fxe5 Ng4 8.
Ng5 Nh6 9. e6 Nb6 10. exf7+ Nxf7 11. Nxf7 Kxf7 12. Bc4+ Nxc4 13. Ne2 Bg4 14. c3
e5 15. O-O+ Ke6 16. Nf4+ exf4 17. Qxg4+ Ke7 18. Bxf4 Rf8 19. Rae1+ Be5 20. Bg5+
Kd6 21. dxe5+ Nxe5 22. Qd4+ Kc6 23. Bxd8 Raxd8 24. Qxe5 b6 25. Qe4+ Kb5 26. Qb7
Rb8 27. Re5+ c5 28. c4+ Kxc4 29. Rc1+ Kb4 30. Qa6 Rf4 31. Rc3 Rbf8 32. a3# 1-0

[Event "13. Olimpiada por Equipos de Ajedrecist"]
[Site "Heraklio GRE"]
[Date "2008.10.22"]
[Round "4.15"]
[White "Bolliger, Willi"]
[Black "Hengles, Roberto Carlos"]
[Result "0-1"]
[WhiteElo "1400"]
[BlackElo "1976"]
[PlyCount "70"]
[EventDate "2008.10.18"]
[EventType "team-"]
[EventRounds "9"]
[EventCountry "GRE"]
[Source "lmi"]
[SourceDate "2008.10.19"]

1. e4 d5 2. exd5 Qxd5 3. Nc3 Qa5 4. Nf3 Nf6 5. d4 Nc6 6. Bd2 Qf5 7. Bd3 Qd7 8.
O-O e6 9. Re1 Be7 10. Ne2 O-O 11. c3 e5 12. Qc2 exd4 13. cxd4 Nb4 14. Bxb4 Bxb4
15. Red1 c6 16. Ng3 Qc7 17. Ne4 Nxe4 18. Bxe4 g6 19. Ng5 Be7 20. Qd2 f6 21. Nf3
Be6 22. a3 Rad8 23. Qe3 Bf7 24. Rac1 Bd6 25. g3 Rfe8 26. Qc3 Rxe4 27. Nd2 Ree8
28. d5 Be5 29. Qc2 Rxd5 30. Nf3 Rxd1+ 31. Rxd1 Bd5 32. Rxd5 cxd5 33. Qxc7 Bxc7
34. Kf1 Bb6 35. Nd2 Rc8 0-1

[Event "13. Olimpiada por Equipos de Ajedrecist"]
[Site "Heraklio GRE"]
[Date "2008.10.22"]
[Round "4.15"]
[White "Couto, Januario"]
[Black "Gromme, Freddy"]
[Result "1-0"]
[WhiteElo "1400"]
[BlackElo "1400"]
[PlyCount "77"]
[EventDate "2008.10.18"]
[EventType "team-"]
[EventRounds "9"]
[EventCountry "GRE"]
[Source "lmi"]
[SourceDate "2008.10.19"]

1. e4 e6 2. d4 d5 3. Nd2 c5 4. c3 Nc6 5. Ngf3 dxe4 6. Nxe4 cxd4 7. Nxd4 Nxd4 8.
Qxd4 Qxd4 9. cxd4 a6 10. a3 Bd7 11. Bf4 Rc8 12. Bd3 Be7 13. O-O Nf6 14. Nd6+
Bxd6 15. Bxd6 Bc6 16. Rac1 Rd8 17. Be5 O-O 18. Rfd1 Nd7 19. b4 Nxe5 20. dxe5
Rd5 21. f4 Rfd8 22. Bc2 Rd4 23. g3 Bf3 24. Rxd4 Rxd4 25. Be4 Rd1+ 26. Rxd1 Bxd1
27. Bxb7 Be2 28. Kf2 Bb5 29. Ke3 f6 30. Kd4 fxe5+ 31. fxe5 Kf7 32. Bc8 Ke7 33.
Kc5 Kd8 34. Bb7 Kc7 35. Be4 h6 36. Bc2 Bc6 37. Bd3 Kb7 38. Bc4 Bd7 39. Kd6 1-0

[Event "13. Olimpiada por Equipos de Ajedrecist"]
[Site "Heraklio GRE"]
[Date "2008.10.22"]
[Round "4.15"]
[White "Studer, Werner"]
[Black "Vilas Boas, Crisolon Terto"]
[Result "1-0"]
[WhiteElo "1400"]
[BlackElo "1742"]
[PlyCount "33"]
[EventDate "2008.10.18"]
[EventType "team-"]
[EventRounds "9"]
[EventCountry "GRE"]
[Source "lmi"]
[SourceDate "2008.10.19"]

1. d4 d5 2. Nf3 Nc6 3. e3 a6 4. c3 Nf6 5. Bd3 g6 6. O-O Bg7 7. Nbd2 O-O 8. Qe2
Re8 9. e4 dxe4 10. Nxe4 Nxe4 11. Bxe4 Na7 12. Bf4 c6 13. Be5 f6 14. Bf4 Be6 15.
Bxg6 hxg6 16. Qxe6+ Kf8 17. Nh4 1-0

[Event "13. Olimpiada por Equipos de Ajedrecist"]
[Site "Heraklio GRE"]
[Date "2008.10.22"]
[Round "4.15"]
[White "Suess, Bernhard"]
[Black "Martins, Androildo"]
[Result "0-1"]
[WhiteElo "1400"]
[BlackElo "1400"]
[PlyCount "64"]
[EventDate "2008.10.18"]
[EventType "team-"]
[EventRounds "9"]
[EventCountry "GRE"]
[Source "lmi"]
[SourceDate "2008.10.19"]

1. e4 c5 2. Nc3 Nc6 3. a4 a6 4. Nf3 e6 5. Be2 Qc7 6. O-O Nf6 7. g3 Be7 8. d3
O-O 9. Re1 d6 10. b3 Rb8 11. Bb2 e5 12. Bc1 Be6 13. Bf1 Rbc8 14. Qd2 Nd4 15.
Bg2 Bg4 16. Re3 Qd7 17. Rb1 Bxf3 18. Bxf3 Ng4 19. Qd1 Nxe3 20. Bxe3 Nxf3+ 21.
Qxf3 f5 22. exf5 Rxf5 23. Qg4 Rcf8 24. Nd5 Bd8 25. h4 Qf7 26. c4 h5 27. Qh3 Qg6
28. Re1 Rf3 29. Rd1 Qf7 30. Nc3 Rxf2 31. Bxf2 Qxf2+ 32. Kh1 Ba5 0-1

[Event "13. Olimpiada por Equipos de Ajedrecist"]
[Site "Heraklio GRE"]
[Date "2008.10.22"]
[Round "4.16"]
[White "Koumtsis, Argiris"]
[Black "Beelaert, Benoit"]
[Result "0-1"]
[WhiteElo "1400"]
[BlackElo "1867"]
[PlyCount "54"]
[EventDate "2008.10.18"]
[EventType "team-"]
[EventRounds "9"]
[EventCountry "GRE"]
[Source "lmi"]
[SourceDate "2008.10.19"]

1. d4 d5 2. c4 c6 3. Qc2 dxc4 4. Qxc4 Nf6 5. Nf3 Bg4 6. Ne5 Be6 7. Qd3 Nbd7 8.
Nc3 Nxe5 9. dxe5 Qxd3 10. exd3 Nd5 11. d4 g6 12. g3 Bg7 13. Bg2 O-O 14. O-O
Rad8 15. Re1 Nb4 16. Re4 Nc2 17. Rb1 Bf5 18. Rh4 Nxd4 19. Be4 Bxe5 20. Be3 Bf6
21. Rh6 Ne2+ 22. Kf1 Nxc3 23. bxc3 Bxe4 24. Rxb7 Bf3 25. Rb1 Rd3 26. Rh3 Rfd8
27. Ke1 Bxc3+ 0-1

[Event "13. Olimpiada por Equipos de Ajedrecist"]
[Site "Heraklio GRE"]
[Date "2008.10.22"]
[Round "4.17"]
[White "Kapnakis, Mihail"]
[Black "Bremer, Erik"]
[Result "0-1"]
[WhiteElo "1400"]
[BlackElo "1400"]
[PlyCount "58"]
[EventDate "2008.10.18"]
[EventType "team-"]
[EventRounds "9"]
[EventCountry "GRE"]
[Source "lmi"]
[SourceDate "2008.10.19"]

1. e4 e6 2. Nc3 d5 3. d4 Nf6 4. a3 dxe4 5. Bg5 Be7 6. Bxf6 Bxf6 7. Nxe4 Qxd4 8.
Qxd4 Bxd4 9. c3 Bb6 10. Bc4 O-O 11. Nf3 Bd7 12. O-O Bc6 13. Ned2 Nd7 14. Rfe1
Nf6 15. h3 h6 16. Nd4 Bxd4 17. cxd4 Rad8 18. Nb3 Ba4 19. Rad1 b5 20. Bxb5 Bxb3
21. Rc1 Rb8 22. Ba6 Rb6 23. Bc4 Bxc4 24. Rxc4 Nd5 25. b4 Ra8 26. g3 a5 27. Rb1
axb4 28. axb4 Rab8 29. b5 Rxb5 0-1

[Event "13. Olimpiada por Equipos de Ajedrecist"]
[Site "Heraklio GRE"]
[Date "2008.10.22"]
[Round "4.17"]
[White "Pouslen, Kjeld Porsdal"]
[Black "Koumtzis, Sotiris"]
[Result "1-0"]
[WhiteElo "1400"]
[BlackElo "1400"]
[PlyCount "57"]
[EventDate "2008.10.18"]
[EventType "team-"]
[EventRounds "9"]
[EventCountry "GRE"]
[Source "lmi"]
[SourceDate "2008.10.19"]

1. d4 d5 2. c4 Nf6 3. Nc3 e6 4. Bf4 Bb4 5. e3 Nc6 6. Nf3 O-O 7. cxd5 exd5 8.
Bd3 Bg4 9. O-O Re8 10. h3 Bxf3 11. Qxf3 Qd7 12. Ne2 h6 13. Bxh6 gxh6 14. Qxf6
Re6 15. Qf5 Rae8 16. Qh7+ Kf8 17. Nf4 Rf6 18. Qh8+ Ke7 19. Qg7 Bd6 20. Ng6+ Kd8
21. Nh4 Ree6 22. Bf5 Rxf5 23. Nxf5 Rf6 24. Qh8+ Bf8 25. Qxf6+ Be7 26. Qxf7 Qe8
27. Qxd5+ Qd7 28. Qxd7+ Kxd7 29. Nxh6 1-0

[Event "13. Olimpiada por Equipos de Ajedrecist"]
[Site "Heraklio GRE"]
[Date "2008.10.23"]
[Round "5.1"]
[White "Crouch, Colin S"]
[Black "Meshkov, Yuri A"]
[Result "1/2-1/2"]
[WhiteElo "2359"]
[BlackElo "2400"]
[PlyCount "51"]
[EventDate "2008.10.18"]
[EventType "team-"]
[EventRounds "9"]
[EventCountry "GRE"]
[Source "lmi"]
[SourceDate "2008.10.19"]

1. d4 e6 2. e4 d5 3. Nd2 dxe4 4. Nxe4 Bd7 5. Nf3 Bc6 6. Bd3 Nd7 7. Qe2 Be7 8.
Bd2 Ngf6 9. Ng3 O-O 10. O-O-O Bxf3 11. Qxf3 c5 12. Be3 Qa5 13. Kb1 Rac8 14.
dxc5 Nxc5 15. Bxc5 Bxc5 16. Ne4 Nxe4 17. Qxe4 g6 18. h4 Rfd8 19. h5 Bd4 20.
hxg6 hxg6 21. c3 Bg7 22. Bc2 b5 23. Rxd8+ Rxd8 24. Rd1 Rxd1+ 25. Bxd1 Qb6 26.
Qe2 1/2-1/2

[Event "13. Olimpiada por Equipos de Ajedrecist"]
[Site "Heraklio GRE"]
[Date "2008.10.23"]
[Round "5.2"]
[White "Gunajew, Rafal"]
[Black "Avram, Sretko"]
[Result "1-0"]
[WhiteElo "2233"]
[BlackElo "2320"]
[PlyCount "91"]
[EventDate "2008.10.18"]
[EventType "team-"]
[EventRounds "9"]
[EventCountry "GRE"]
[Source "lmi"]
[SourceDate "2008.10.19"]

1. e4 e5 2. Nf3 Nf6 3. Nxe5 d6 4. Nf3 Nxe4 5. Nc3 Nxc3 6. dxc3 Be7 7. Be3 Nc6
8. Qd2 Be6 9. O-O-O O-O 10. h4 Ne5 11. Ng5 h6 12. Nxe6 fxe6 13. f4 Ng4 14. g3
e5 15. fxe5 dxe5 16. Qe2 Qc8 17. Bh3 h5 18. Bc5 Bxc5 19. Qc4+ Kh8 20. Qxc5 Qe6
21. Kb1 Rf7 22. Rhe1 Re8 23. Qxa7 c6 24. Rf1 Rxf1 25. Rxf1 e4 26. Bxg4 Qxg4 27.
Qe3 Rd8 28. Kc1 Rd6 29. b3 Rg6 30. Kb2 Kh7 31. Rf4 Qxg3 32. Qxe4 Qh3 33. a4 Qe6
34. Qd3 Qd5 35. Rd4 Qe5 36. Rd7 Qg3 37. Qxg3 Rxg3 38. Rxb7 Rf3 39. a5 Rf8 40.
Rb6 Rc8 41. a6 g5 42. hxg5 Kg6 43. a7 Ra8 44. Rxc6+ Kxg5 45. Ra6 h4 46. b4 1-0